Some inspiring illustrations of: (Record no. 164873)

MARC details
000 -LEADER
fixed length control field 00630nam a2200181 4500
005 - DATE AND TIME OF LATEST TRANSACTION
control field 20190529173729.0
010 ## - LCCN (DPL NO)
LC control number ENG-125371
020 ## - INTERNATIONAL STANDARD BOOK NUMBER
Terms of availability 9789381325070
International Standard Book Number 75.00
035 ## - SYSTEM CONTROL NUMBER
System control number EN-108903
037 ## - SOURCE OF ACQUISITION
Source of stock number/acquisition DBAD/PUB
082 ## - DEWEY DECIMAL CLASSIFICATION NUMBER
Classification number 230.35
100 ## - MAIN ENTRY--PERSONAL NAME
Personal name Tathagatananda, Swami
245 ## - TITLE STATEMENT
Title Some inspiring illustrations of:
Statement of responsibility, etc by Pujyam Kameswara Sarma
Remainder of title Sri Ramakrishna holy mother and swamiji and their love/
260 ## - PUBLICATION, DISTRIBUTION, ETC. (IMPRINT)
Place of publication, distribution, etc Kolkata
Name of publisher, distributor, etc Swami Sarvabhutananda
Date of publication, distribution, etc 2011
270 ## - ADDRESS
Address Secretary Ramakrishna Mission Institute of Culture,
City Kolkata
Postal code 700029
300 ## - PHYSICAL DESCRIPTION
Extent 320p
Other physical details ill.
Dimensions 21cm(pbk)
942 ## - ADDED ENTRY ELEMENTS (KOHA)
Source of classification or shelving scheme Dewey Decimal Classification
Item type English Books
Classification part 230.35
Call number suffix TAT
Holdings
Withdrawn status Lost status Not for loan Collection code Home library Current library Date acquired Source of acquisition Cost, normal purchase price Full call number Barcode Copy number Cost, replacement price Koha item type
    Not For Loan Non-fiction D.B.Act.Division Central Library 29/05/2019 DBAD/PUB 75.00 230.35 TAT EN-108903 1 75.00 English Books

© Delhi Public Library
Hit Counter
free hit counter